LEADER 01088cam0-2200349---450- 001 990005260760403321 005 20150615140002.0 035 $a000526076 035 $aFED01000526076 035 $a(Aleph)000526076FED01 035 $a000526076 100 $a19990604d1946----km-y0itay50------ba 101 0 $ager$agrc 102 $aHU 105 $ay-------001yy 200 1 $a<>Reichsbeamten von Achaia in spätrömischer Zeit$fvon E. Groag 210 $aBudapest$cMajyar Nemzeti Mnzeum$d1946 215 $a92 p.$d23 cm 225 1 $aDissertationes Pannonicae$fMusei nationalis hungarici$iSerie I$vFasc. 14 610 0 $aAcaia $aUfficiali 610 0 $aAcaia $aFunzionari 676 $a938.7 700 1$aGroag,$bEdmund$0137628 801 0$aIT$bUNINA$gRICA$2UNIMARC 901 $aBK 912 $a990005260760403321 952 $a938.7 GRO 1$bANT. G.R. 17$fFLFBC 952 $aDDR-XIX Da VI 006$b2070 ddr$fDDR$m21-5894 959 $aFLFBC 959 $aDDR 996 $aReichsbeamten von Achaia in spätrömischer Zeit$9539595 997 $aUNINA LEADER 00722nam a2200229 i 4500 001 991004287936807536 005 20230915101826.0 008 230915s2003 it e 000 0 ita c 020 $a8814106533 040 $aBibl. Dip.le Aggr. Scienze Economia - Sez. Settore Economico 082 04$a657.3 082 04$a346.4506648 245 03$aIl bilancio di esercizio /$ca cura di Angelo Palma ; scritti di G.E. Colombo ... [et al.] 250 $a3. ed. 260 $aMilano :$bGiuffrè,$cc2003 300 $aXIV, 632 p. ;$c24 cm 650 7$aBilancio$xLegislazione 700 1 $aColombo, Giovanni Emanuele 700 1 $aPalma, Angelo 912 $a991004287936807536 996 $aBilancio di esercizio$9809861 997 $aUNISALENTO